| 000 | 01317pam a2200337 a 4500 | ||
|---|---|---|---|
| 001 | 3872261 | ||
| 003 | OSt | ||
| 005 | 20160301190614.0 | ||
| 008 | 890922s1990 caua b 001 0 eng | ||
| 010 | _a 89028110 | ||
| 020 | _a0803935463 | ||
| 020 | _a0803935471 (pbk.) | ||
| 040 |
_aDLC _cDLC _dDLC |
||
| 050 | 0 | 0 |
_aHD75 _b.S617 1990 |
| 082 | 0 | 0 |
_a306.3 _220 _bALV 1990 |
| 100 | 1 |
_aSo, Alvin Y., _d1953- _96962 |
|
| 245 | 1 | 0 |
_aSocial change and development : _bmodernization, dependency, and world-systems theories / _cAlvin Y. So. |
| 260 |
_aNewbury Park, Calif. : _bSage Publications, _c1990. |
||
| 300 |
_a283 p. : _bill. ; _c23 cm. |
||
| 440 | 0 |
_aSage library of social research ; _vv. 178 _96963 |
|
| 504 | _aIncludes bibliographical references (p. 269-276) and index. | ||
| 650 | 0 |
_aEconomic development. _9521 |
|
| 650 | 0 |
_aEconomic development _xSocial aspects. _91666 |
|
| 650 | 0 |
_aDependency. _96964 |
|
| 650 | 0 |
_aCapitalism. _95488 |
|
| 856 | 4 | 2 |
_3Publisher description _uhttp://www.loc.gov/catdir/enhancements/fy0655/89028110-d.html |
| 856 | 4 | 1 |
_3Table of contents only _uhttp://www.loc.gov/catdir/enhancements/fy0655/89028110-t.html |
| 906 |
_a7 _bcbc _corignew _d1 _eocip _f19 _gy-gencatlg |
||
| 942 |
_2ddc _cSLOAN |
||
| 999 |
_c3132 _d3132 |
||